| 000 | 00343 a2200133 4500 | ||
|---|---|---|---|
| 003 | Nust | ||
| 005 | 20170207154600.0 | ||
| 022 | _a0-471-22554-1 | ||
| 040 | _cNust | ||
| 100 | _aJessica Wolk-Stanley | ||
| 245 |
_aDr. Math Introduces GEOMETRY (E-Book) _cJessica Wolk-Stanley |
||
| 260 |
_aNew Jersey _bJOHN WILEY & SONS, INC. _c2004 |
||
| 300 | _a192 p.: | ||
| 942 |
_2ddc _cBK |
||
| 999 |
_c198544 _d198544 |
||